Technology of engineering materials /
Salvato in:
| Autore principale: | |
|---|---|
| Altri autori: | |
| Natura: | Libro |
| Lingua: | inglese |
| Pubblicazione: |
Oxford
Butterworth-Heinemann
2002.
|
| Serie: | IIE core textbook series
|
| Soggetti: | |
| Accesso online: | Table of contents Publisher description Visualizza in OPAC |
| Tags: |
Nessun Tag, puoi essere il primo ad aggiungerne!!
|
MARC
| LEADER | 00000pam a22000005a 4500 | ||
|---|---|---|---|
| 005 | 20260127134132.0 | ||
| 008 | 040907s2002 enka 001 0 eng | ||
| 010 | |a 2004-315767 | ||
| 015 | |a GBA2-X7703 | ||
| 020 | |a 0750656433 | ||
| 035 | |a vtls008703748 | ||
| 039 | 9 | |y 200605251053 |z mschk03 | |
| 040 | |a STUSCHK1 |b slo |c STUSCHK1 | ||
| 042 | |a lccopycat | ||
| 082 | 0 | 4 | |a 620.11 |2 21 |
| 097 | 1 | 4 | |a TA403 |b .P54 2002 |
| 100 | 1 | |a Bolton, W. |q (William), |d 1933- | |
| 245 | 1 | 0 | |a Technology of engineering materials / |c Mathew Philip, Bill Bolton. |
| 260 | |a Oxford |b Butterworth-Heinemann |c 2002. | ||
| 300 | |a viii, 471 p. |b ill. |c 27 cm. | ||
| 440 | 0 | |a IIE core textbook series | |
| 504 | |a Includes index. | ||
| 650 | 0 | |a materiály. | |
| 700 | 1 | |a Philip, Mathew. | |
| 856 | 4 | 1 | |3 Table of contents |u http://www.loc.gov/catdir/toc/els051/2004315767.html |
| 856 | 4 | 2 | |3 Publisher description |u http://www.loc.gov/catdir/description/els051/2004315767.html |
| 906 | |a 0 |b ibc |c copycat |d 2 |e ncip |f 20 |g y-gencatlg | ||
| 910 | |a SCHK95 | ||
| 919 | |a 0-7506-5643-3 | ||
| 925 | 0 | |a acquire |b 2 shelf copies |x policy default | |
| 999 | |c 4864 |d 4864 | ||